| 000 | 00703nam a2200193 a 4500 | ||
|---|---|---|---|
| 001 | BRCA_598 | ||
| 005 | 20190320203059.0 | ||
| 008 | 890309s1989 nyua---##c---#001-0#eng-# | ||
| 020 | _a1555950221 | ||
| 040 |
_aDLC _cDLC _dDLC |
||
| 050 | 4 |
_aN576.H7 _b.A63 1989 |
|
| 245 | 1 | 0 |
_aA permanent legacy _b150 works from the collection of the Museum of Fine Arts, Houston _cintroduction by Peter C. Marzio. |
| 260 |
_aNueva York _bHudson Hills : The Museum of Fine Arts, Houston _c1989 |
||
| 300 |
_a366 p. _bil. (algunas a color) _c31 cm. |
||
| 500 | _aIncluye índice alfabético | ||
| 610 | 2 | 4 |
_aMuseum of Fine Arts _vCatálogos _zHouston (Estados Unidos) _92060 |
| 700 | 1 |
_aMarzio, Peter C _92061 |
|
| 942 |
_2lcc _cB |
||
| 999 |
_c526 _d526 |
||